000 00881nam a2200241Ia 4500
003 OSt
005 20221006165050.0
006 a|||||r|||| 00| 0
007 ta
008 221006b |||||||| |||| 00| 0 hin d
024 _a7,514
037 _cTheseses
040 _aFML
_cFML
_bhin
041 _2hin
_ahin
100 _aRadha Rani
_9679011
110 _aDayalbag Shikshan Sansthan Agra. Faculty of Music and Fine Arts. Department of Music
_9679012
245 0 _aUttar Bharatiya Shashtriya, Upshashtriya Va Sugam Sangeet Ki Gayan Shailiyon Ki Bhavatmak Evam Kalatmak Saundaryavriddhi Main Sahayak Vaadyo Ke Prayog Ka Aadhyayan Evam Tulanatmak Vivechan
260 _c2006
300 _a245
_ccm.
700 _aDayalbag Shikshan Sansthan Agra. Faculty of Music and Fine Arts. Department of Music
_9679013
942 _cDIS
_2CC
999 _c1119472
_d1119472